000 01674nam a2200289 i 4500
003 CO-CtgCURN
005 20250331184354.0
007 ta
008 160303s2016 000 0 d
020 _a9789588951829
040 _aCO-CtgCURN
_bspa
_ccoctgcurn
082 0 4 _a303.6
_bR763
100 1 _aRomero Madriñan, Felipe,
_d1979-
245 1 0 _aGette :
_bLa herencia maldita /
_cFelipe Romero Madriñan.
260 _aBogotá :
_bEdiciones B,
_c2016.
300 _a319 paginas.
336 _2rdacontent
337 _2rdamedia
_asin mediacion
_bn
338 _2rdacarrier
_avolumen
_bnc
520 8 _aLa publicacion reseña una serie de hechos que han tenido impacto en la opinion publica nacional. Narra como, por ejemplo, desde su llegada a Barranquilla poco a poco Silvia Gette se hizo paso dentro de la sociedad, su relacion con el entonces Rector Mario Ceballos Araujo y la toma del poder de la Universidad tras el fallecimiento de su marido. Igualmente, los crimenes al interior de la Uniautnoma, el asesinato del abogado Jhon Jairo Ramírez y, desde luego, el homicidio del ganadero Fernando Cepeda, esposo de María Paulina Ceballos, hija y heredera de Mario Ceballos Araujo.Tambien dedica capitulos especiales a la presunta injerencia del paramilitarismo en la Universidad, señalando como enlace a Juan Carlos Rada, entonces jefe de seguridad de la institucion.
600 1 0 _aGette Ponce, Silvia Beatriz,
_d1951 -
610 2 0 _aUniversidad Autonoma del Caribe.
650 1 4 _aParamilitarismo.
650 1 4 _aEducación superior
_xViolencia.
852 _949000
942 _cBK
_h303.6
_iR763
_2ddc
999 _c17665
_d17665